La recuperación de tecnologías indígenas: Arqueología, tecnología y desarrollo en los Andes

Gespeichert in:
Bibliographische Detailangaben
1. Verfasser: Herrera Wassilowsky, Alexander (VerfasserIn)
Format: Buch
Sprache:Spanisch
Veröffentlicht: Lima Instituto de Estudios Peruanos 2011
Ausgabe:1a. ed
Schlagworte:
Tags: Tag hinzufügen
Keine Tags, Fügen Sie den ersten Tag hinzu!

MARC

LEADER 00000cam a2200000 a 4500
001 UCF3770
003 CL-VaPUC
008 121031e20110700PE |||||||||||||||||spa|d
020 |a 9789972513039 
082 0 4 |a 631.3  |b HER  |2 21 
100 0 |a Herrera Wassilowsky, Alexander  |e author  |9 565491 
245 1 3 |a La recuperación de tecnologías indígenas: Arqueología, tecnología y desarrollo en los Andes 
250 |a 1a. ed 
300 |a 183 p 
942 |c BK 
945 |d 20121031 00:00:00  |a dcastane 
260 |a Lima  |b Instituto de Estudios Peruanos  |c 2011 
650 0 |a Tecnología agrícola  |9 325634 
651 0 |a Perú  |9 256567 
583 |a last modification  |c 20160920 01:22:09  |k Rodrigo Vera 
999 |c 349910  |d 349908 
952 |0 0  |1 0  |4 0  |6 631_300000000000000_HER_2011  |7 0  |8 X  |9 452793  |a FDOMLP  |b FDOMLP  |d 2019-11-22  |i 4919505  |o 631.3 HER 2011  |p 4919505  |r 2019-11-22  |w 2019-11-22  |y BK_X  |k BUD